Československá obchodní banka, a.s. výroční zpráva 1998

Gespeichert in:
Bibliographische Detailangaben
Format: Buch
Sprache:Tschechisch
Veröffentlicht: Praha ASCO [1999]
Schlagworte:
Tags: Tag hinzufügen
Keine Tags, Fügen Sie das erste Tag hinzu!

MARC

LEADER 00000nam$a2200000$$$4500
001 0014269
005 20240108123854.7
041 0 |a cze 
044 |a CZ 
245 1 0 |a Československá obchodní banka, a.s.  |b výroční zpráva 1998 
264 1 |a Praha  |b ASCO  |c [1999] 
300 |a 98 s.  |e 1 CD-ROM 
610 2 0 |a bankovníctvo 
610 2 0 |a banky obchodné 
610 2 0 |a služby bankové 
610 2 0 |a výkazy účtovné 
610 2 0 |a výkazy finančné